000 00379nam a2200145Ia 4500
008 240624s9999 xx 000 0 und d
041 _aeng
082 _a658.049 GUP
100 _aGUPTA ANIL K
245 _aQUEST FOR GLOBAL DOMINANCE TRANSFORMING
250 _a(2nd ed.)
260 _c2008
_aSan Francisco
_bJossey-Bass
300 _axx, : 294 : p. : cm. ; 23
365 _c
_b30
999 _c12791
_d12791